00637cam a2200205 a 450000100100000000500170001000800410002702000150006804000290008305000170011208200200012910000300014924500470017926000640022630000240029049000310031450400320034565000230037783000310040000001515520200929163953.0720803s1972 nju b 001 0 eng  a0691046085 aDO-SdBNPbengcLCdBNPHU00aJX1938b.B76 a261.8/73bB864p1 aBrock, Peter,d1920-2006.10aPacifism in Europe to 1914 /cPeter Brock. aPrinceton, New Jersey :bPrinceton University Press,c1972. ax, 556 p. ;c25 cm.1 aHistory of pacifism,vv. 1 aBibliografía: p. 505-544. 0aPacifismxHistory. 0aHistory of pacifism,vv. 1